Giáo trình luật đầu tư /

Shranjeno v:
Bibliografske podrobnosti
Drugi avtorji: Đồng Ngọc Ba, TS., Đoàn Trung Kiên, TS (chủ biên.), Nguyễn Minh Hằng, ThS., Nguyễn Thị Dung, TS., Phạm Thị Giang Thu, TS., Vũ Đặng Hải Yến, TS., Vũ Phương Đông.
Format: Sách giấy
Jezik:Vietnamese
Izdano: H. : Giáo dục Việt Nam, 2009.
Teme:
Oznake: Označite
Brez oznak, prvi označite!
Thư viện lưu trữ: Thư viện Trường Đại học Đà Lạt
LEADER 01466nam a2200385 4500
001 DLU110122740
005 ##20110630
040 # # |a DLU  |b vie 
041 # # |a vie 
044 # # |a vn 
082 # # |a 346.07  |b Gia 
245 # # |a Giáo trình luật đầu tư /  |c Đoàn Trung Kiên chủ biên, ... [và những người khác]. 
260 # # |a H. :  |b Giáo dục Việt Nam,  |c 2009. 
300 # # |a 193 tr. ;  |c 24 cm. 
505 # # |a Chương 1. Những vấn đề chung về luật đầu tư -- Chương 2. Đảm bảo đầu tư -- Chương 3. Ưu đãi và hỗ trợ đầu tư -- Chương 4. Hoạt động đầu tư trực tiếp -- Chương 5. Đầu tư trực tiếp theo hợp đồng -- Chương 6. Đầu tư vào các khu kinh tế đặc biệt -- Chương 7. Đầu tư ra nước ngoài -- Chương 8. Đầu tư, kinh doanh vốn nhà nước. 
653 # # |a Giáo trình 
653 # # |a Luật đầu tư 
700 # # |a Đồng Ngọc Ba,  |c TS. 
700 # # |a Đoàn Trung Kiên,  |c TS,  |e chủ biên. 
700 # # |a Nguyễn Minh Hằng,  |c ThS. 
700 # # |a Nguyễn Thị Dung,  |c TS. 
700 # # |a Phạm Thị Giang Thu,  |c TS. 
700 # # |a Vũ Đặng Hải Yến,  |c TS. 
700 # # |a Vũ Phương Đông. 
923 # # |a 08/2011 
991 # # |a GT 
992 # # |a 27000 
994 # # |a DLU 
900 # # |a True 
911 # # |a Đào Thị Thu Huyền 
925 # # |a G 
926 # # |a A 
927 # # |a SH 
980 # # |a Thư viện Trường Đại học Đà Lạt